Statističeskij analiz i optimizacija sistem avtomatičeskogo upravlenija /

Gespeichert in:
Bibliographische Detailangaben
1. Verfasser: Peterson, E.L (Verfasst von)
Weitere Verfasser: Korobov, N.N (Übersetzung)
Format: Buch
Sprache:Russisch
Veröffentlicht: Moskva : Sovetskoje radio, 1964
Tags: Tag hinzufügen
Keine Tags, Fügen Sie das erste Tag hinzu!

MARC

LEADER 00000nam a22000003a 4500
001 stu40405
005 20150617225722.6
008 930503s1964----xxr-----------------rus-d
040 |a STU  |b slo 
041 0 |a rus 
044 |a xxr 
100 1 |a Peterson, E.L  |4 aut 
245 1 |a Statističeskij analiz i optimizacija sistem avtomatičeskogo upravlenija /  |c [aut.]E.L. Peterson; Z angl. N.N. Korobov 
260 |a Moskva :  |b Sovetskoje radio,  |c 1964 
300 |a 247 s 
700 1 |a Korobov, N.N  |4 trl 
996 |b 284M015986  |c M*4828-1  |l MMKN  |s A  |a 24  |w stu40405_0001